The beginner's guide to C++

Αποθηκεύτηκε σε:
Λεπτομέρειες βιβλιογραφικής εγγραφής
Κύριος συγγραφέας: Yaroshenko, Oleg
Μορφή: Βιβλίο
Γλώσσα:English
Δημοσίευση: Chicago : Wrox press, c1994
Θέματα:
Ετικέτες: Προσθήκη ετικέτας
Δεν υπάρχουν, Καταχωρήστε ετικέτα πρώτοι!

MARC

LEADER 00000nam a2200000 i 4500
001 1/99154
008 000310s1994 eng d
020 |a 1874416265 
035 |l 10056775 
040 |a GR-MY-UA  |b gre  |e aacr 
041 0 |a eng 
082 0 |a 005.133 
100 1 |a Yaroshenko, Oleg. 
245 1 4 |a The beginner's guide to C++ /  |c Oleg Yaroshenko 
260 |a Chicago :   |b Wrox press,   |c c1994 
300 |a xii, 691 p.;  |b ill.;  |c 24 cm. 
504 |a Includes index 
650 0 0 |a C++ (Computer program language) 
852 |a INST  |b SAMOS  |e 20000310  |h 005.133 YAR  |p 005300015836  |q 005300015836  |t BK  |y 0 
901 |a BIBL3-2000-1 
909 |a Σ  |b 072789 
922 |a 3ΕΛΗ  |b 199912  |c ΤΠΕΣ  |d ΠΑΠΑΣΩΤΗΡΙΟΥ 
950 |a 133-1999-07-20 
970 |a ΓΕΝΟΥΖΟΥ  |b ΧΡΥΣΑΝΘΗ  |z 2000/03/10